[Event "Bad Griesbach Seniors op 23rd"]
[Site "Bad Griesbach"]
[Date "2021.11.18"]
[Round "5"]
[White "Migl, Dieter"]
[Black "Akstinat, Sven Holger"]
[Result "1/2-1/2"]
[WhiteElo "2122"]
[BlackElo "1989"]
[PlyCount "31"]
[EventDate "2021.11.14"]
[EventType "swiss"]
[EventRounds "7"]
[EventCountry "GER"]
[SourceTitle "EXT 2024"]
[Source "ChessBase"]
[SourceDate "2023.10.10"]
[SourceVersion "1"]
[SourceVersionDate "2023.10.10"]
[SourceQuality "1"]

1. e4 e5 2. Nf3 d6 3. d4 exd4 4. Nxd4 Nf6 5. Nc3 Be7 6. Bc4 0-0 7. 0-0 Nxe4 8. Nxe4 d5 9. Bd3 dxe4 10. Bxe4 Bf6 11. c3 c6 12. Be3 Nd7 13. Qc2 g6 14. Rad1 Qc7 15. Rfe1 Bg7 16. h3 1/2-1/2

[Event "Bad Griesbach Seniors op 23rd"]
[Site "Bad Griesbach"]
[Date "2021.11.16"]
[Round "3"]
[White "Akstinat, Sven Holger"]
[Black "Ulmer, Heinz"]
[Result "1-0"]
[WhiteElo "1989"]
[BlackElo "1824"]
[PlyCount "59"]
[EventDate "2021.11.14"]
[EventType "swiss"]
[EventRounds "7"]
[EventCountry "GER"]
[SourceTitle "EXT 2024"]
[Source "ChessBase"]
[SourceDate "2023.10.10"]
[SourceVersion "1"]
[SourceVersionDate "2023.10.10"]
[SourceQuality "1"]

1. e4 d5 2. exd5 Qxd5 3. Nf3 Bg4 4. Be2 c6 5. d4 Nf6 6. c4 Qd8 7. h3 Bxf3 8. Bxf3 e6 9. Nc3 Be7 10. Bf4 0-0 11. Qd2 Nbd7 12. 0-0 Nb6 13. b3 Re8 14. Rad1 Bb4 15. Qc2 Qe7 16. Bg5 h6 17. Bh4 Rad8 18. Ne4 Nbd7 19. Qe2 g5 20. Bg3 Nxe4 21. Bxe4 f5 22. Bb1 f4 23. Bh2 e5 24. dxe5 Nxe5 25. Rxd8 Rxd8 26. Rd1 Rxd1+ 27. Qxd1 Kg7 28. Qc2 Nd3 29. Qxd3 Qe1+ 30. Qf1 1-0

[Event "Bad Griesbach Seniors op 23rd"]
[Site "Bad Griesbach"]
[Date "2021.11.14"]
[Round "1"]
[White "Akstinat, Sven Holger"]
[Black "Langer, Dagobert"]
[Result "1-0"]
[WhiteElo "1989"]
[BlackElo "1658"]
[PlyCount "75"]
[EventDate "2021.11.14"]
[EventType "swiss"]
[EventRounds "7"]
[EventCountry "GER"]
[SourceTitle "EXT 2024"]
[Source "ChessBase"]
[SourceDate "2023.10.10"]
[SourceVersion "1"]
[SourceVersionDate "2023.10.10"]
[SourceQuality "1"]

1. e4 c5 2. c3 d6 3. d4 Nc6 4. d5 Ne5 5. f4 Ng6 6. Nf3 e6 7. c4 Be7 8. Nc3 Nh4 9. Be3 Nxf3+ 10. Qxf3 Nf6 11. e5 Ng8 12. dxe6 Bxe6 13. 0-0-0 Qb6 14. f5 Bd7 15. exd6 Bxd6 16. Qd5 Nf6 17. Qxd6 Qxd6 18. Rxd6 b6 19. Be2 0-0 20. Bg5 Bxf5 21. Bxf6 gxf6 22. Rxf6 Bg6 23. h4 Kg7 24. Rd6 Rfe8 25. Bf3 Rad8 26. Rxd8 Rxd8 27. Rd1 Re8 28. Rd7 Re1+ 29. Rd1 Re7 30. Kd2 f6 31. Nd5 Re8 32. Re1 Rd8 33. Re7+ Bf7 34. Bh5 Rf8 35. Rxa7 Kg8 36. Bxf7+ Rxf7 37. Rxf7 Kxf7 38. Nxb6 1-0

[Event "Mittelrhein Verbandsliga Sued 1920"]
[Site "Mittelrhein"]
[Date "2020.01.19"]
[Round "5.3"]
[White "Akstinat, Sven Holger"]
[Black "Borriss, Claudia"]
[Result "1-0"]
[WhiteElo "2045"]
[BlackElo "2015"]
[PlyCount "175"]
[EventDate "2019.09.29"]
[EventType "team-tourn"]
[EventRounds "9"]
[EventCountry "GER"]
[SourceTitle "EXT 2023"]
[Source "ChessBase"]
[SourceDate "2022.10.05"]
[SourceVersion "1"]
[SourceVersionDate "2022.10.05"]
[SourceQuality "1"]
[WhiteTeam "Lohmar"]
[BlackTeam "Siebengebirge"]
[WhiteTeamCountry "GER"]
[BlackTeamCountry "GER"]

1. e4 c5 2. c3 d5 3. exd5 Qxd5 4. d4 Nc6 5. Nf3 Nf6 6. Be2 e6 7. 0-0 cxd4 8. cxd4 Be7 9. Nc3 Qd8 10. Qb3 0-0 11. Rd1 Nb4 12. Ne5 Nbd5 13. Bf3 h6 14. Be3 a5 15. a3 Ra6 16. Rac1 Rb6 17. Qa2 Nxc3 18. bxc3 Nd5 19. Bd2 Bg5 20. c4 Bxd2 21. Qxd2 Ne7 22. Qxa5 f6 23. Ng4 Nf5 24. d5 Rb3 25. Qa4 Rxf3 26. gxf3 e5 27. c5 Kh8 28. Kh1 Nh4 29. Ne3 f5 30. f4 e4 31. Ng2 Nf3 32. Rc3 Qf6 33. Qb3 Bd7 34. Rxf3 exf3 35. Qxf3 Ba4 36. Rc1 Qb2 37. Qc3 Qxf2 38. Qc4 Be8 39. c6 bxc6 40. dxc6 Bf7 41. Qc5 Qxc5 42. Rxc5 g6 43. Ne3 Kg7 44. Nc2 Ra8 45. Nd4 Be8 46. Nb5 Kf8 47. Kg1 Rc8 48. Nd4 Ra8 49. Rc3 Ke7 50. Kf2 Kf6 51. Nb5 g5 52. Nd6 gxf4 53. c7 Bd7 54. c8Q Bxc8 55. Nxc8 Ke5 56. Ne7 Ra4 57. Kf3 Kd4 58. Rb3 Ke5 59. Ng6+ Kf6 60. Nxf4 Kg5 61. Ne6+ Kf6 62. Nc5 Rc4 63. Nd3 Rh4 64. Kg3 Rg4+ 65. Kh3 Kg5 66. Rb4 Rg1 67. Rd4 Ra1 68. a4 Ra3 69. Kg2 Ra2+ 70. Kg3 Ra3 71. h4+ Kh5 72. Kf4 Kxh4 73. Kxf5+ Kg3 74. Kg6 Ra1 75. Kxh6 Kf3 76. Ne5+ Ke3 77. Rg4 Rc1 78. Kg5 Rc8 79. Kf5 Rf8+ 80. Ke6 Re8+ 81. Kd6 Ra8 82. Nc6 Kd3 83. Kc5 Rh8 84. a5 Rh5+ 85. Kb6 Kc3 86. a6 Rh8 87. a7 Rf8 88. Ra4 1-0

[Event "Mittelrhein Verbandsliga-S 17/18"]
[Site "Nordrheinwestfalen"]
[Date "2018.05.06"]
[Round "11.1"]
[White "Mandt, Mathias"]
[Black "Akstinat, Sven Holger"]
[Result "1/2-1/2"]
[WhiteElo "2027"]
[BlackElo "1999"]
[PlyCount "85"]
[EventDate "2017.09.10"]
[EventType "team-tourn"]
[EventRounds "11"]
[EventCountry "GER"]
[SourceTitle "EXT 2022"]
[Source "ChessBase"]
[SourceDate "2021.10.06"]
[SourceVersion "1"]
[SourceVersionDate "2021.10.06"]
[SourceQuality "1"]
[WhiteTeam "Koeln Lasker II"]
[BlackTeam "Lohmar"]
[WhiteTeamCountry "GER"]
[BlackTeamCountry "GER"]

1. d4 e6 2. c4 b6 3. Nf3 Bb7 4. g3 Nf6 5. Bg2 Be7 6. 0-0 0-0 7. Nc3 d6 8. Qc2 Nbd7 9. e4 e5 10. Nd5 Re8 11. Nxe7+ Qxe7 12. d5 a5 13. Nh4 g6 14. Bg5 Qf8 15. Qd2 Kh8 16. Rad1 Ng8 17. Bh3 Nc5 18. f3 f6 19. Be3 Qe7 20. b3 Rf8 21. Qc2 Ba6 22. Rf2 Qg7 23. a3 Bc8 24. Bxc8 Rfxc8 25. b4 axb4 26. axb4 Nd7 27. Qb3 Qf8 28. Ra2 Rxa2 29. Qxa2 Ra8 30. Qb2 Ra4 31. Ra1 Qa8 32. Rxa4 Qxa4 33. Ng2 Kg7 34. Ne1 Ne7 35. Nc2 Kf7 36. Kg2 f5 37. exf5 Nxf5 38. Bf2 Nf6 39. g4 Ne7 40. h3 c6 41. dxc6 Qxc6 42. Qb3 Kg7 43. Qc3 1/2-1/2

[Event "Mittelrhein Verbandsliga-S 17/18"]
[Site "Nordrheinwestfalen"]
[Date "2017.10.01"]
[Round "2.2"]
[White "Akstinat, Sven Holger"]
[Black "Schueler, Hans Ulrich"]
[Result "1-0"]
[WhiteElo "1928"]
[BlackElo "1865"]
[PlyCount "39"]
[EventDate "2017.09.10"]
[EventType "team-tourn"]
[EventRounds "11"]
[EventCountry "GER"]
[SourceTitle "EXT 2022"]
[Source "ChessBase"]
[SourceDate "2021.10.06"]
[SourceVersion "1"]
[SourceVersionDate "2021.10.06"]
[SourceQuality "1"]
[WhiteTeam "Lohmar"]
[BlackTeam "Satranc Club"]
[WhiteTeamCountry "GER"]
[BlackTeamCountry "GER"]

1. e4 d5 2. exd5 Qxd5 3. Nc3 Qd6 4. d4 c6 5. g3 e5 6. dxe5 Qxe5+ 7. Nge2 Nf6 8. Bf4 Qa5 9. Bg2 Be6 10. 0-0 Nbd7 11. Nd4 0-0-0 12. Nxe6 fxe6 13. Qe2 e5 14. Bd2 Qc7 15. Rfe1 Bd6 16. b4 Bxb4 17. Rab1 Bd6 18. Be3 Qa5 19. Qc4 Bc7 20. Rxb7 1-0

[Event "Mittelrhein Verbandsliga-S 17/18"]
[Site "Nordrheinwestfalen"]
[Date "2017.09.10"]
[Round "1.2"]
[White "Kessler, Ulrich"]
[Black "Akstinat, Sven Holger"]
[Result "0-1"]
[WhiteElo "1882"]
[BlackElo "1928"]
[PlyCount "54"]
[EventDate "2017.09.10"]
[EventType "team-tourn"]
[EventRounds "11"]
[EventCountry "GER"]
[SourceTitle "EXT 2022"]
[Source "ChessBase"]
[SourceDate "2021.10.06"]
[SourceVersion "1"]
[SourceVersionDate "2021.10.06"]
[SourceQuality "1"]
[WhiteTeam "Troisdorf"]
[BlackTeam "Lohmar"]
[WhiteTeamCountry "GER"]
[BlackTeamCountry "GER"]

1. Nf3 Nf6 2. c4 d6 3. g3 e5 4. Bg2 Be7 5. Nc3 0-0 6. 0-0 Nbd7 7. Qc2 c6 8. d4 Re8 9. dxe5 dxe5 10. Rd1 Qc7 11. b3 Bf8 12. Nh4 Nc5 13. Bg5 Nfd7 14. Rd2 g6 15. Rad1 Ne6 16. Be3 f5 17. Nxf5 gxf5 18. Qxf5 Ndc5 19. Bxc5 Nxc5 20. Qh5 Qf7 21. Qg5+ Qg7 22. Qe3 Bf5 23. b4 Ne6 24. Rd7 Re7 25. Rxe7 Bxe7 26. Rd7 Nd8 27. b5 Bxd7 0-1

[Event "Mittelrhein Verbandsliga-O 15/16"]
[Site "Nordrheinwestfalen"]
[Date "2016.04.10"]
[Round "10"]
[White "Akstinat, Sven Holger"]
[Black "Von der Lippe, Hans Bernd"]
[Result "0-1"]
[WhiteElo "1921"]
[BlackElo "1780"]
[PlyCount "94"]
[EventDate "2015.09.06"]
[EventType "team-tourn"]
[EventRounds "11"]
[EventCountry "GER"]
[SourceTitle "EXT 2022"]
[Source "ChessBase"]
[SourceDate "2021.10.06"]
[SourceVersion "1"]
[SourceVersionDate "2021.10.06"]
[SourceQuality "1"]
[WhiteTeam "Lohmar"]
[BlackTeam "Bonn Beuel II"]
[WhiteTeamCountry "GER"]
[BlackTeamCountry "GER"]

1. e4 c5 2. c3 d6 3. d4 Nf6 4. Bd3 cxd4 5. cxd4 g6 6. Nc3 Bg7 7. Nf3 0-0 8. 0-0 Bg4 9. h3 Bxf3 10. Qxf3 Nc6 11. Be3 Qa5 12. a3 Nd7 13. b4 Qd8 14. Ne2 e5 15. d5 Ne7 16. Nc3 f5 17. Qe2 f4 18. Bd2 f3 19. gxf3 Nc8 20. Kg2 Qh4 21. Be3 Ncb6 22. Qd2 Rae8 23. Be2 Rf4 24. Rh1 Qg5+ 25. Kh2 Ref8 26. Rhg1 Qh4 27. Rg3 Bh6 28. Rag1 Nf6 29. Qe1 Nh5 30. Rg4 Qe7 31. a4 Nd7 32. Nb5 Rxg4 33. fxg4 Bf4+ 34. Bxf4 Nxf4 35. Bf1 a6 36. Nc3 Qh4 37. Qe3 g5 38. Ne2 Ng6 39. Ng3 Rf4 40. f3 Ne7 41. Be2 Nf6 42. Qb6 h5 43. Nf5 Nxf5 44. exf5 hxg4 45. fxg4 Ne4 46. Rg2 Rf2 47. Rxf2 Qg3+ 0-1

[Event "Mittelrhein Verbandsliga-O 15/16"]
[Site "Nordrheinwestfalen"]
[Date "2015.10.18"]
[Round "3"]
[White "Dehmel, Jens"]
[Black "Akstinat, Sven Holger"]
[Result "0-1"]
[WhiteElo "2093"]
[BlackElo "1980"]
[PlyCount "48"]
[EventDate "2015.09.06"]
[EventType "team-tourn"]
[EventRounds "11"]
[EventCountry "GER"]
[SourceTitle "EXT 2022"]
[Source "ChessBase"]
[SourceDate "2021.10.06"]
[SourceVersion "1"]
[SourceVersionDate "2021.10.06"]
[SourceQuality "1"]
[WhiteTeam "Bonn Stadtverwaltung"]
[BlackTeam "Lohmar"]
[WhiteTeamCountry "GER"]
[BlackTeamCountry "GER"]

1. d4 e6 2. e4 d5 3. Nc3 Bb4 4. e5 c5 5. a3 Bxc3+ 6. bxc3 Ne7 7. Qg4 Qc7 8. Qxg7 Rg8 9. Qxh7 cxd4 10. Ne2 dxc3 11. f4 Nbc6 12. Qd3 d4 13. Ng3 Bd7 14. Ne4 0-0-0 15. Nd6+ Kb8 16. Nxf7 Rdf8 17. Nd6 Nf5 18. Nxf5 Rxf5 19. g3 Nxe5 20. fxe5 Bc6 21. Rg1 Rxe5+ 22. Kd1 Bb5 23. Qf3 d3 24. Bf4 dxc2+ 0-1

[Event "Troisdorf op"]
[Site "Troisdorf"]
[Date "2014.11.04"]
[Round "3"]
[White "Akstinat, Sven Holger"]
[Black "Bigott, Martin"]
[Result "1/2-1/2"]
[WhiteElo "2074"]
[BlackElo "1888"]
[PlyCount "94"]
[EventDate "2014.10.21"]
[EventType "swiss"]
[EventRounds "7"]
[EventCountry "GER"]
[SourceTitle "EXT 2016"]
[Source "ChessBase"]
[SourceDate "2015.10.08"]
[SourceVersion "1"]
[SourceVersionDate "2015.10.08"]
[SourceQuality "1"]

1. e4 e5 2. Nf3 Nc6 3. Bc4 Be7 4. d4 d6 5. d5 Nb8 6. Nc3 Nf6 7. 0-0 Bg4 8. h3 Bh5 9. Qd3 Nbd7 10. Bb5 a6 11. Bxd7+ Nxd7 12. Nh2 0-0 13. Be3 Bg5 14. Rae1 Bf4 15. g3 Bg5 16. g4 Bg6 17. Qd2 Be7 18. Kg2 Nc5 19. f3 Nd7 20. Rh1 h6 21. Nf1 Bg5 22. Ng3 Bh4 23. Reg1 Bxg3 24. Kxg3 f6 25. h4 Kf7 26. Kf2 Rh8 27. Ne2 Nb6 28. b3 Nc8 29. g5 hxg5 30. hxg5 Ne7 31. gxf6 gxf6 32. Nc3 Qd7 33. Ke1 Rh3 34. Qg2 Rah8 35. Ne2 Rxh1 36. Rxh1 Rxh1+ 37. Qxh1 c6 38. c4 b5 39. Kf2 bxc4 40. bxc4 cxd5 41. cxd5 Qa4 42. Qh3 f5 43. Bg5 Qd7 44. Bxe7 Kxe7 45. Qh4+ Kf7 46. exf5 Bxf5 47. Qc4 Qb7 1/2-1/2

[Event "Mittelrhein Verbandsliga Ost 1415"]
[Site "Mittelrhein"]
[Date "2014.10.19"]
[Round "3.4"]
[White "Akstinat, Sven Holger"]
[Black "Budzyn, Marcus"]
[Result "1-0"]
[WhiteElo "2004"]
[BlackElo "1900"]
[PlyCount "53"]
[EventDate "2014.09.07"]
[EventType "team-tourn"]
[EventRounds "11"]
[EventCountry "GER"]
[SourceTitle "EXT 2023"]
[Source "ChessBase"]
[SourceDate "2022.10.05"]
[SourceVersion "1"]
[SourceVersionDate "2022.10.05"]
[SourceQuality "1"]
[WhiteTeam "Lohmar"]
[BlackTeam "Troisdorf"]
[WhiteTeamCountry "GER"]
[BlackTeamCountry "GER"]

1. e4 c5 2. c3 d5 3. exd5 Qxd5 4. d4 Nf6 5. Nf3 Bg4 6. Be2 cxd4 7. cxd4 e6 8. Nc3 Qd8 9. h3 Bh5 10. Qb3 Qb6 11. Bb5+ Nc6 12. g4 Bg6 13. Ne5 Rc8 14. Be3 Nd5 15. Nxd5 exd5 16. 0-0 Bd6 17. Qxd5 Bxe5 18. dxe5 Qd8 19. Qxd8+ Kxd8 20. Rfd1+ Kc7 21. Rac1 Be4 22. Rd4 Bf3 23. Rf4 Bd5 24. Bc4 Bxc4 25. Rcxc4 Kb8 26. Rxf7 Rcd8 27. Rxg7 1-0

[Event "Troisdorf op"]
[Site "Troisdorf"]
[Date "2013.11.12"]
[Round "4"]
[White "Schott, Guido"]
[Black "Akstinat, Sven Holger"]
[Result "1-0"]
[WhiteElo "2172"]
[BlackElo "2081"]
[PlyCount "119"]
[EventDate "2013.10.22"]
[EventType "swiss"]
[EventRounds "7"]
[EventCountry "GER"]
[SourceTitle "EXT 2016"]
[Source "ChessBase"]
[SourceDate "2015.10.08"]
[SourceVersion "1"]
[SourceVersionDate "2015.10.08"]
[SourceQuality "1"]

1. c4 c6 2. Nf3 d5 3. g3 Nf6 4. Bg2 Bf5 5. 0-0 e6 6. d4 Nbd7 7. Nc3 Be7 8. b3 h6 9. Bb2 0-0 10. Nd2 Bh7 11. e4 dxe4 12. Ndxe4 Nxe4 13. Nxe4 Nf6 14. Nc3 Re8 15. Re1 Bf8 16. a3 Qd7 17. b4 Rad8 18. Qb3 Bg6 19. Rad1 Qc8 20. h3 Bf5 21. a4 g5 22. g4 Bg6 23. d5 exd5 24. Rxe8 Rxe8 25. cxd5 Bg7 26. dxc6 bxc6 27. Qc4 Qe6 28. Qxc6 Qb3 29. Ba1 Rb8 30. b5 Nxg4 31. Qxg6 Qxd1+ 32. Nxd1 fxg6 33. Bxg7 Kxg7 34. hxg4 Rd8 35. Ne3 Rd4 36. a5 Rb4 37. Bc6 Kf7 38. Kg2 h5 39. gxh5 gxh5 40. Nd5 Rb2 41. Nc3 Ke7 42. b6 axb6 43. a6 Rd2 44. a7 Rd8 45. a8Q Rxa8 46. Bxa8 Ke6 47. Kg3 Ke5 48. Bf3 g4 49. Bxg4 hxg4 50. Kxg4 Kd4 51. Nd1 Kd3 52. f4 Kd2 53. f5 Kxd1 54. f6 b5 55. f7 b4 56. f8Q b3 57. Qb4 Kc2 58. Kf3 b2 59. Qc4+ Kd2 60. Qb3 1-0

[Event "Troisdorf op"]
[Site "Troisdorf"]
[Date "2013.10.24"]
[Round "2"]
[White "Leontiev, Oleg"]
[Black "Akstinat, Sven Holger"]
[Result "1/2-1/2"]
[WhiteElo "1911"]
[BlackElo "2081"]
[PlyCount "30"]
[EventDate "2013.10.22"]
[EventType "swiss"]
[EventRounds "7"]
[EventCountry "GER"]
[SourceTitle "EXT 2016"]
[Source "ChessBase"]
[SourceDate "2015.10.08"]
[SourceVersion "1"]
[SourceVersionDate "2015.10.08"]
[SourceQuality "1"]

1. d4 e6 2. Nf3 d5 3. e3 Nf6 4. Bd3 c5 5. b3 Nc6 6. Nbd2 cxd4 7. exd4 Be7 8. 0-0 0-0 9. Bb2 Bd7 10. a3 Rc8 11. Ne5 Nxe5 12. dxe5 Ne8 13. Qh5 g6 14. Qe2 Ng7 15. Nf3 Kh8 1/2-1/2

[Event "Verbandsliga Mittelrhein-Ost 1213"]
[Site "Germany"]
[Date "2012.09.30"]
[Round "2.3"]
[White "Akstinat, Sven Holger"]
[Black "Kaganowski, Alexander"]
[Result "0-1"]
[WhiteElo "1999"]
[BlackElo "2081"]
[PlyCount "82"]
[EventDate "2012.09.09"]
[EventType "team"]
[EventRounds "11"]
[EventCountry "GER"]
[SourceTitle "EXT 2015"]
[Source "ChessBase"]
[SourceDate "2014.11.20"]
[SourceVersion "1"]
[SourceVersionDate "2014.11.20"]
[SourceQuality "1"]
[WhiteTeam "Lohmar"]
[BlackTeam "Rheinbacher SF"]
[WhiteTeamCountry "GER"]
[BlackTeamCountry "GER"]

1. e4 e6 2. d4 d5 3. e5 c5 4. c3 Qb6 5. Nf3 Bd7 6. a3 a5 7. Be2 Nc6 8. 0-0 h6 9. a4 c4 10. Nbd2 g5 11. b3 cxb3 12. Nxb3 Qc7 13. Ne1 b6 14. Nd3 Nce7 15. Bb2 Nf5 16. Nd2 Nge7 17. Qb3 Nc6 18. g4 Nh4 19. c4 Bb4 20. Nxb4 Nxb4 21. Rfc1 Qb7 22. c5 0-0 23. cxb6 Qxb6 24. Rc5 Rfc8 25. Rac1 Rxc5 26. Rxc5 Rc8 27. Rxc8+ Bxc8 28. Bc3 Ba6 29. Bd1 Qc6 30. Bxb4 axb4 31. Nf3 Qc1 32. Nxh4 Be2 33. Qc2 Qxd1+ 34. Qxd1 Bxd1 35. a5 b3 36. a6 b2 37. a7 b1Q 38. a8Q+ Kg7 39. Kg2 Qe4+ 40. f3 Qe2+ 41. Kh3 gxh4 0-1

[Event "Mittelrhein Verbandsliga-O 1112"]
[Site "Germany"]
[Date "2012.04.15"]
[Round "9"]
[White "Wahl, Felix"]
[Black "Akstinat, Sven Holger"]
[Result "1-0"]
[WhiteElo "2075"]
[BlackElo "1994"]
[PlyCount "95"]
[EventDate "2011.09.18"]
[EventType "team-tourn"]
[EventRounds "11"]
[EventCountry "GER"]
[SourceTitle "EXT 2013"]
[Source "ChessBase"]
[SourceDate "2012.11.22"]
[SourceVersion "1"]
[SourceVersionDate "2012.11.22"]
[SourceQuality "1"]
[WhiteTeam "Bonn Stadtverwaltung"]
[BlackTeam "Lohmar"]
[WhiteTeamCountry "GER"]
[BlackTeamCountry "GER"]

1. e4 c6 2. d4 d5 3. Nc3 dxe4 4. Nxe4 Bf5 5. Ng3 Bg6 6. h4 h6 7. Nf3 Nd7 8. h5 Bh7 9. Bd3 Bxd3 10. Qxd3 e6 11. Bd2 Qc7 12. 0-0-0 Ngf6 13. Ne4 Be7 14. Kb1 0-0 15. Nxf6+ Nxf6 16. Rdg1 Ng4 17. Qe2 c5 18. Ne5 Nxe5 19. dxe5 Rfd8 20. f4 Rd5 21. g4 Rad8 22. Bc3 Qd7 23. b3 b5 24. g5 hxg5 25. fxg5 b4 26. Bb2 Rd2 27. Qg4 Rxc2 28. Kxc2 Qd3+ 29. Kc1 c4 30. Rd1 Qe3+ 31. Kb1 Rc8 32. Bd4 Qxg5 33. Qxg5 Bxg5 34. Bxa7 c3 35. Kc2 Bd2 36. a4 bxa3 37. Ra1 Ra8 38. Rxa3 Rd8 39. Bc5 Rd5 40. Bb4 Rxe5 41. Bxc3 Bxc3 42. Kxc3 f5 43. Rg1 f4 44. Ra7 Rxh5 45. Rgxg7+ Kh8 46. Rgc7 Rg5 47. Rc8+ Rg8 48. Rxg8+ 1-0

[Event "Mittelrhein Verbandsliga-O 1112"]
[Site "Germany"]
[Date "2012.03.18"]
[Round "8"]
[White "Akstinat, Sven Holger"]
[Black "Neese, Hans Joachim"]
[Result "1/2-1/2"]
[WhiteElo "1994"]
[BlackElo "2059"]
[PlyCount "31"]
[EventDate "2011.09.18"]
[EventType "team-tourn"]
[EventRounds "11"]
[EventCountry "GER"]
[SourceTitle "EXT 2013"]
[Source "ChessBase"]
[SourceDate "2012.11.22"]
[SourceVersion "1"]
[SourceVersionDate "2012.11.22"]
[SourceQuality "1"]
[WhiteTeam "Lohmar"]
[BlackTeam "Hennef"]
[WhiteTeamCountry "GER"]
[BlackTeamCountry "GER"]

1. e4 c5 2. c3 d5 3. exd5 Qxd5 4. d4 Nf6 5. dxc5 Qxc5 6. Na3 a6 7. Be3 Qd5 8. Nf3 b5 9. c4 Qxd1+ 10. Rxd1 b4 11. Nc2 e6 12. Be2 Nbd7 13. 0-0 Bb7 14. h3 Be7 15. Rc1 Rc8 16. Ncd4 1/2-1/2

[Event "Mittelrhein Verbandsliga-O 1112"]
[Site "Germany"]
[Date "2012.01.15"]
[Round "5"]
[White "Akstinat, Sven Holger"]
[Black "Herzwurm, Robert"]
[Result "1-0"]
[WhiteElo "1994"]
[BlackElo "2038"]
[PlyCount "85"]
[EventDate "2011.09.18"]
[EventType "team-tourn"]
[EventRounds "11"]
[EventCountry "GER"]
[SourceTitle "EXT 2013"]
[Source "ChessBase"]
[SourceDate "2012.11.22"]
[SourceVersion "1"]
[SourceVersionDate "2012.11.22"]
[SourceQuality "1"]
[WhiteTeam "Lohmar"]
[BlackTeam "Euskirchen Turm"]
[WhiteTeamCountry "GER"]
[BlackTeamCountry "GER"]

1. e4 e6 2. d4 d5 3. Nc3 Bb4 4. e5 c5 5. Bd2 Ne7 6. Nb5 Bxd2+ 7. Qxd2 0-0 8. f4 cxd4 9. Nf3 Nbc6 10. Bd3 f6 11. 0-0-0 Bd7 12. Nbxd4 Nxd4 13. Nxd4 Nc6 14. Nf3 Rc8 15. Rde1 Qb6 16. Kb1 Nb4 17. Nd4 f5 18. Be2 Rc5 19. c3 Na6 20. g4 Rfc8 21. Ka1 Ra5 22. Bxa6 Qxa6 23. b3 Rac5 24. Rc1 fxg4 25. Rhg1 Be8 26. Rxg4 Bg6 27. Rg3 Be4 28. h4 g6 29. h5 R5c7 30. Kb2 Rg7 31. Rcg1 Rcc7 32. Qh2 b5 33. Qh4 Qc8 34. Nxb5 Rc5 35. Nd6 Qf8 36. Nxe4 dxe4 37. hxg6 hxg6 38. Rxg6 Rcc7 39. Rxg7+ Rxg7 40. Rxg7+ Kxg7 41. Qg4+ Kh7 42. Qh3+ Kg7 43. Qg2+ 1-0

[Event "Troisdorf op"]
[Site "Troisdorf"]
[Date "2011.11.15"]
[Round "4"]
[White "Akstinat, Sven Holger"]
[Black "Hoeck, Sebastian"]
[Result "1-0"]
[WhiteElo "1995"]
[BlackElo "1744"]
[PlyCount "97"]
[EventDate "2011.10.25"]
[EventType "swiss"]
[EventRounds "7"]
[EventCountry "GER"]
[SourceTitle "EXT 2013"]
[Source "ChessBase"]
[SourceDate "2012.11.22"]
[SourceVersion "1"]
[SourceVersionDate "2012.11.22"]
[SourceQuality "1"]

1. e4 d5 2. exd5 Nf6 3. Bb5+ Bd7 4. Bc4 Bg4 5. f3 Bf5 6. Nc3 Nbd7 7. Nge2 Nb6 8. d3 Nfxd5 9. Nxd5 Nxd5 10. Ng3 Bg6 11. 0-0 e6 12. f4 Nb6 13. Bb3 Bc5+ 14. Kh1 0-0 15. Qf3 c6 16. f5 exf5 17. Nxf5 Qd7 18. Bg5 Rae8 19. h4 Re5 20. Ng3 h6 21. Bf4 Re7 22. h5 Bf5 23. Nxf5 Qxf5 24. d4 Bxd4 25. Bd6 Qxf3 26. Rxf3 Re5 27. Bxe5 Bxe5 28. Raf1 Nd5 29. Bxd5 cxd5 30. c3 d4 31. Rf5 f6 32. cxd4 Bxd4 33. Rb5 Rf7 34. Rd1 Be5 35. Rd8+ Kh7 36. Rc5 Bc7 37. Rc8 Bg3 38. Rc3 Be5 39. Rd3 Bc7 40. g4 Re7 41. Kg2 Bb6 42. Kf3 Re1 43. Rd7 Rf1+ 44. Ke4 Re1+ 45. Kd5 Re5+ 46. Kd6 Re4 47. Rxb7 Rxg4 48. Rbb8 g6 49. Rb7+ 1-0